01030nam a2200241 a 450000100060000000300090000600500170001500800410003203500180007304000280009104100080011908200210012710000260014824501510017426000650032530000340039049000460042450001700047050400290064065000490066965000240071883000460074245885BD-RJUL 20211209054059.0160728s1961 enka b 000 0 eng  a BD-RJUL46003 aDLCcCSUdSERdEQObeng aeng a343.2bGRJ 1961 1 aGreen, Edward,d1920-10aJudicial attitudes in sentencing :ba study of the factors underlying the sentencing practice of the criminal court of PhiladelphiacEdward Green  aLondon :bMacmillan ;aNew York :bSt. Martin's Press,c1961 aviii, 149 p. :bill. ;c23 cm1 aCambridge studies in criminology ;vv. 15 aIssued in microfilm form in 1959 as thesis, University of Pennsylvania, under title: An analysis of the sentencing practices of criminal court judged in Philadelphia aBibliography: p. 143-145 0aSentences (Criminal procedure)zPhiladelphia 0aForensic psychology 0aCambridge studies in criminology ;vv. 15